| 000 | 00681nac a22002051u 4500 | ||
|---|---|---|---|
| 010 | _a 2007002337 | ||
| 020 | _a9781593701079 (hardcover) | ||
| 082 | 0 | 0 |
_a628.925 _bDUN |
| 090 |
_c8597 _d8597 |
||
| 100 | _aDunn, Vincent, | ||
| 245 | 1 | 4 |
_aThe strategy of firefighting / _cVincent Dunn. |
| 260 |
_aTulsa, Okla. : _bPenWell,2007. _cc2007. |
||
| 300 |
_axv, 398 p. : _bill. ; _c29 cm. |
||
| 500 | _aIncludes index. | ||
| 500 | _aDistributer: Bacca | ||
| 511 | _aCatalogued by: Sara | ||
| 650 | 0 | _aFire extinction. | |
| 856 | 4 | 1 |
_3Table of contents only _uhttp://www.loc.gov/catdir/toc/ecip079/2007002337.html |
| 942 |
_cBB _k628.925DUN |
||
| 999 |
_c8597 _d8597 |
||